[Event "Helsinki Rapid SM"]
[Site "Helsinki"]
[Date "2015.10.31"]
[Round "6.8"]
[White "Heikkila, Raine"]
[Black "Hero, Ikko"]
[Result "1-0"]
[WhiteElo "1712"]
[BlackElo "1390"]
[PlyCount "57"]
[EventDate "2015.10.31"]
[EventType "swiss (rapid)"]
[EventRounds "7"]
[EventCountry "FIN"]
[SourceTitle "EXT 2022"]
[Source "ChessBase"]
[SourceDate "2021.10.06"]
[SourceVersion "1"]
[SourceVersionDate "2021.10.06"]
[SourceQuality "1"]

1. d4 e5 2. dxe5 Nc6 3. Nf3 Qe7 4. Qd5 f6 5. Nc3 Nb4 6. Qb3 fxe5 7. a3 Nc6 8. Nd5 Qd8 9. Bg5 Be7 10. Bxe7 Ngxe7 11. e3 d6 12. Nc3 Bg4 13. Be2 Qd7 14. 0-0-0 0-0-0 15. h3 Bh5 16. g4 Bg6 17. Bb5 a6 18. Nxe5 Qe8 19. Nxg6 Qxg6 20. Bd3 Qf6 21. f4 Na5 22. Qa4 Nec6 23. Nd5 Qe6 24. Bf5 b5 25. Qe4 Qxf5 26. Qxf5+ Kb8 27. Qf7 g6 28. Qxc7+ Ka8 29. Nb6# 1-0

[Event "Helsinki Rapid SM"]
[Site "Helsinki"]
[Date "2015.10.31"]
[Round "3.7"]
[White "Lindholm, Jere"]
[Black "Hero, Ikko"]
[Result "0-1"]
[WhiteElo "1992"]
[BlackElo "1390"]
[PlyCount "94"]
[EventDate "2015.10.31"]
[EventType "swiss (rapid)"]
[EventRounds "7"]
[EventCountry "FIN"]
[SourceTitle "EXT 2022"]
[Source "ChessBase"]
[SourceDate "2021.10.06"]
[SourceVersion "1"]
[SourceVersionDate "2021.10.06"]
[SourceQuality "1"]

1. e4 c5 2. d4 cxd4 3. c3 dxc3 4. Nxc3 g6 5. Bc4 Bg7 6. Qb3 e6 7. Nf3 Nc6 8. Bg5 Qc7 9. Nb5 Qa5+ 10. Bd2 Qd8 11. Nd6+ Kf8 12. Qa3 Qe7 13. Bb5 Bxb2 14. Qxb2 Nf6 15. Bxc6 bxc6 16. Bb4 a5 17. Nxc8 Qxb4+ 18. Qxb4+ axb4 19. Nd6 b3 20. 0-0 b2 21. Rab1 Rxa2 22. e5 Nd5 23. Nc4 Nc3 24. Rxb2 Rxb2 25. Nxb2 Ke7 26. Nc4 f5 27. Ra1 Rb8 28. g3 Rb1+ 29. Rxb1 Nxb1 30. Ng5 h6 31. Nh3 Nc3 32. Nf4 g5 33. Nh5 Ne4 34. f3 Nc3 35. Nf6 Nb5 36. f4 d5 37. Na5 c5 38. Kf2 c4 39. Ke2 Nd4+ 40. Ke3 Nb3 41. Nc6+ Kf7 42. Nd7 gxf4+ 43. gxf4 Kg6 44. Nb6 Kh5 45. Nd8 d4+ 46. Ke2 d3+ 47. Kd1 c3 0-1